| 000 | 00798nam a22001577a 4500 | ||
|---|---|---|---|
| 003 | OSt | ||
| 005 | 20151216110332.0 | ||
| 008 | 151216b xxu||||| |||| 00| 0 eng d | ||
| 040 | _cRUA | ||
| 082 | _aAED NEO 2004 B216 Or.1 | ||
| 100 |
_94913 _aNEOU, CHARIYA. |
||
| 245 | _aThe effect of organization of farmer users water community in chanthnal irrigation system, in odong district kampong speu province (ឥទ្ធិពលនៃការចងក្រងសហគមន៏កសិករប្រើប្រាស់ទឹកតំបន់ប្រព្ឋ័នធានាសាស្រ្ដចាន់ថ្នាលស្រុកឧដុង្គខេត្តកំពង់ស្ពឺ) | ||
| 260 |
_aPhnom Penh _bRUA _c2004 |
||
| 300 |
_axi, 56p. _bill. _c29cm. |
||
| 942 |
_2ddc _cAED |
||
| 999 |
_c4566 _d4566 |
||